| Tag |
First Indicator |
Second Indicator |
Subfields |
| LEADER |
00000cam a22000004a 4500 |
| 001 |
in00001506321 |
| 005 |
20151021105420.0 |
| 008 |
990203s1999 ilua b 001 0 eng |
| 010 |
|
|
|a 99017655
|
| 020 |
|
|
|a 0226557626 (cloth : alk. paper)
|
| 035 |
|
|
|a (OCoLC)40754543
|
| 035 |
|
|
|9 AJL4763AM
|
| 040 |
|
|
|a DLC
|c DLC
|d C#P
|d YAM
|d TXA
|d UtOrBLW
|
| 042 |
|
|
|a pcc
|
| 049 |
|
|
|a TXAM
|
| 050 |
0 |
0 |
|a QL668.E2
|b T15 1999
|
| 082 |
0 |
0 |
|a 597.813/9
|2 21
|
| 245 |
0 |
0 |
|a Tadpoles :
|b the biology of anuran larvae /
|c edited by Roy W. McDiarmid and Ronald Altig.
|
| 264 |
|
1 |
|a Chicago :
|b University of Chicago Press,
|c 1999.
|
| 300 |
|
|
|a xiv, 444 pages :
|b illustrations ;
|c 29 cm.
|
| 336 |
|
|
|a text
|b txt
|2 rdacontent
|
| 337 |
|
|
|a unmediated
|b n
|2 rdamedia
|
| 338 |
|
|
|a volume
|b nc
|2 rdacarrier
|
| 504 |
|
|
|a Includes bibliographical references (pages 349-418) and indexes.
|
| 505 |
0 |
|
|a Introduction: the tadpole arena / Roy W. McDiarmid, Ronald Altig -- Research: materials and techniques / Roy W. McDiarmid, Ronald Altig -- Body plan: development and morphology / Ronald Altig, Roy W. McDiarmid -- Architecture: cranial and axial musculoskeleton / David Cannatella -- Anatomy: viscera and endocrines / Bruno Viertel, Susanne Richter -- Integration: nervous and sensory systems / Michael J. Lannoo -- Endotrophic anurans: development and evolution / Giselle Thibaudeau, Ronald Altig -- Physiology: coping with the environment / Gordon R. Ultsch, David F. Bradford, Joseph Freda -- Behavior: interactions and their consequences / Karin vS. Hoff, Andrew R. Blaustein, Roy W. McDiarmid [et al.] -- Ecology: resource use, competition, and predition / Ross A. Alford -- The anuran tadpole: evolution and maintenance / Reid N. Harris -- Diversity: familial and generic characterizations / Ronald Altig, Roy W. McDiarmid.
|
| 650 |
|
0 |
|a Tadpoles.
|
| 700 |
1 |
|
|a McDiarmid, Roy W.
|
| 700 |
1 |
|
|a Altig, Ronald.
|
| 948 |
|
|
|a c:en
|
| 944 |
|
|
|a stk
|h REPL<2655419>REP-LATEST<>REF<rmcgeach>
|m Replacement on order
|
| 999 |
|
|
|a MARS
|
| 999 |
f |
f |
|s 7be04f16-a35c-3a64-80dc-800dde12565f
|i 69cca2c1-341e-3382-bbc1-7f787e9dcd7d
|t 0
|
| 952 |
f |
f |
|p normal
|a Texas A&M University
|b College Station
|c Sterling C. Evans Library
|d Evans: Library Stacks
|t 0
|e QL668.E2 T15 1999
|h Library of Congress classification
|i unmediated -- volume
|m A14825241678
|
| 998 |
f |
f |
|a QL668.E2 T15 1999
|t 0
|l Evans: Library Stacks
|